Equipe Type RC Lens saison 2025/2026 - Statistiques

Statistiques générales
  • Ce quiz a été pris 290 fois
  • Le résultat moyen est 10 sur 11
Statistiques - réponses
% Correct
Florian Thauvin
94%
Robin Risser
94%
Jonathan Gradit
91%
Adrien Thomasson
89%
Matthieu Udol
88%
Odsonne Édouard
87%
Wesley Saïd
87%
Ruben Aguilar
84%
Malang Sarr
83%
Mamadou Sangaré
82%
Samson Baidoo
79%
Aucun quiz correspondant
Distribution des résultats
% des personnes avec chaque résultat
Percentile par nombre de réponses
Votre historique - résultats
Vous n’avez pas pris ce quiz